Orientaciones para la implementación de talleres de aprendizaje: una alternativa para mejorar los aprendizajes en escuelas de sectores populares

Saved in:
Bibliografiske detaljer
Main Authors: Vaccaro C., Liliana (Author), Fiabane S., Flavia (Author), Martínez A., Hugo (Author), Rozas R., Miguel (Author)
Format: Bog
Sprog:spansk
Udgivet: Santiago Ministerio de Educación 1994
Santiago PIIE 1994
Fag:
Tags: Tilføj Tag
Ingen Tags, Vær først til at tagge denne postø!

MARC

LEADER 00000nam a2200000 a 4500
001 UCL1964
003 CL-VaPUC
008 030926e19940000cl |||||||||||||||||spa|d
082 0 4 |a 372.136  |b VAC  |2 21 
100 0 |a Vaccaro C., Liliana  |e author  |9 478980 
700 0 |a Fiabane S., Flavia  |e author  |9 478981 
700 0 |a Martínez A., Hugo  |e author  |9 478982 
700 0 |a Rozas R., Miguel  |e author  |9 478983 
245 1 0 |a Orientaciones para la implementación de talleres de aprendizaje: una alternativa para mejorar los aprendizajes en escuelas de sectores populares 
300 |a 110 p 
942 |c BK 
945 |d 20030926 00:00:00  |a cmena 
260 |a Santiago  |b Ministerio de Educación  |c 1994 
260 |a Santiago  |b PIIE  |c 1994 
650 0 |a Educación básica   |9 224933 
650 0 |a Calidad de la educación   |9 307271 
650 7 |a EDUCACION NO FORMAL  |2 CL-VaPUC  |9 308640 
650 0 |a Reforma educacional   |9 256319 
650 7 |a TALLERES DE APRENDIZAJE  |2 CL-VaPUC  |9 369978 
583 |a last modification  |c 20160907 03:33:04  |k Rodrigo Vera 
999 |c 305395  |d 305393 
952 |0 0  |1 0  |4 0  |6 372_136000000000000_VAC_1994_1994  |7 0  |8 A  |9 369245  |a BIBEDU  |b BIBEDU  |d 2019-11-21  |i 3942058  |o 372.136 VAC 1994 1994  |p 3942058  |r 2019-11-21  |w 2019-11-21  |y BK  |k EPE 
952 |0 0  |1 0  |4 0  |6 372_136000000000000_VAC_1994_1994  |7 0  |8 A  |9 369246  |a BIBEDU  |b BIBEDU  |d 2019-11-21  |i 4005945  |o 372.136 VAC 1994 1994  |p 4005945  |r 2019-11-21  |w 2019-11-21  |y BK  |k EPE 
952 |0 0  |1 0  |4 0  |6 372_136000000000000_VAC_1994_1994  |7 0  |8 A  |9 369247  |a BIBEDU  |b BIBEDU  |d 2019-11-21  |i 4011686  |o 372.136 VAC 1994 1994  |p 4011686  |r 2019-11-21  |w 2019-11-21  |y BK  |k EBA 
952 |0 0  |1 0  |4 0  |6 372_136000000000000_VAC_1994_1994  |7 0  |8 A  |9 369248  |a BIBEDU  |b BIBEDU  |d 2019-11-21  |i 4011694  |o 372.136 VAC 1994 1994  |p 4011694  |r 2019-11-21  |w 2019-11-21  |y BK  |k EBA 
952 |0 0  |1 0  |4 0  |6 372_136000000000000_VAC_1994_1994  |7 0  |8 A  |9 369249  |a BIBEDU  |b BIBEDU  |d 2019-11-21  |i 4188144  |o 372.136 VAC 1994 1994  |p 4188144  |r 2019-11-21  |w 2019-11-21  |y BK  |k EBA 
952 |0 0  |1 0  |4 0  |6 372_136000000000000_VAC_1994_1994  |7 0  |8 A  |9 369250  |a BIBEDU  |b BIBEDU  |d 2019-11-21  |i 4188152  |o 372.136 VAC 1994 1994  |p 4188152  |r 2019-11-21  |w 2019-11-21  |y BK  |k EBA 
952 |0 0  |1 0  |4 0  |6 372_136000000000000_VAC_1994_1994  |7 0  |8 A  |9 369251  |a BIBEDU  |b BIBEDU  |d 2019-11-21  |i 4188160  |o 372.136 VAC 1994 1994  |p 4188160  |r 2019-11-21  |w 2019-11-21  |y BK  |k EBA 
952 |0 0  |1 0  |4 0  |6 372_136000000000000_VAC_1994_1994  |7 0  |8 A  |9 369252  |a BIBEDU  |b BIBEDU  |d 2019-11-21  |i 4188179  |o 372.136 VAC 1994 1994  |p 4188179  |r 2019-11-21  |w 2019-11-21  |y BK  |k EBA